01032cam a22002775a 4500001001000000003000400010005001700014008004100031020002500072040003600097082002500133100002500158245009800183260006300281300003400344490002000378500002400398504004100422650005800463651001000521653002000531655002400551942000800575999001700583952015400600016964728OSt20150526150652.0141125t2015 flua frb 001 0 eng d a9781482217032 (hbk.) aStDuBDSbengcStDuBDSdEG-ScBUE04a621.0420113222bBUX1 aBuxton, Gavin93809010aAlternative energy technologies :ban introduction with computer simulations /cGavin Buxton. aBoca Raton :bCRC Press / Taylor & Francis Group,cc.2015. axvi, 286 p. :bill. ;c25 cm.0 aNano and energy aIndex : p. 285-286. aIncludes bibliographical references. 0aRenewable energy sourcesxComputer simulation.2BUEsh 2BUEsh bENGGENcMay2015 vreading book934232 2ddc c19450d19422 00102ddc40708BaccahaMAINbMAINc1STd2015-05-26epurchaseg680.00l1m2o621.0420113 BUXp000038335r2025-07-15 00:00:00s2016-02-09v850.00yBB